LEADER 01046nam a2200253 i 4500 001 991001179429707536 005 20020502184720.0 008 941220s1993 it ||| | ita 020 $a8871040902 035 $ab11475122-39ule_inst 035 $aPRUMB56286$9ExL 040 $aScuola per assistenti sociali$bita 082 0 $a346.45002643 100 1 $aDonisi, Carmine$0227560 245 10$aGiurisprudenza e diritto civile :$braccolta sistematica di quesiti e decisioni :$bpersone fisiche ed enti, famiglia e filiazione, negozio giuridico, contratti in generale /$cCarmine Donisi 260 $aNapoli :$bEdizioni scientifiche italiane,$c1993 300 $aXXVI, 605 p. ;$c24 cm. 650 4$aGiurisprudenza civile 907 $a.b11475122$b12-10-12$c01-07-02 912 $a991001179429707536 945 $aLE024 D/B IV 4$g1$iLE024N-3111$lle021$nex DUSS$o-$pE0.00$q-$rl$s- $t0$u0$v0$w0$x0$y.i1166499x$z01-07-02 996 $aGiurisprudenza e diritto civile$9270569 997 $aUNISALENTO 998 $ale021$b01-01-94$cm$da $e-$fita$git $h0$i1 LEADER 01969nam0 22003491i 450 001 UON00002572 005 20231205101855.756 010 $a09-18-98604-4 100 $a20020107d1978 |0itac50 ba 101 $aeng 102 $aUS 105 $a|||| 1|||| 200 1 $aNippur 2. : The north temple and sounding E. : Excavations of the joint expedition to Nippur of the American Schools of Oriental Research and the Oriental Institute of the University of Chicago$fby Donald E. McCown , Richard C. Haines and Robert D. Biggs assisted by Elizabeth F. Carter 210 $aChicago$cThe Oriental Institute$d1978 215 $aXV, 105 p., 77 p. di tav.$d31 cm 606 $aArcheologia$xMesopotamia$xBabilonia$xSiti$xNippur$3UONC003831$2FI 620 $aUS$dChicago, Ill.$3UONL000120 686 $aMES X B$cMESOPOTAMIA - ARCHEOLOGIA - RAPPORTI DI SCAVO$2A 700 1$aMcCOWN$bDonald E.$3UONV013930$0637275 701 1$aBIGGS$bRobert D.$3UONV011535$0103439 701 1$aHAINES$bRichard C.$3UONV027317$0637276 712 02$aAmerican Schools of Oriental Research$cAtlanta$3UONV023267 712 02$aUniversity$cChicago$bOriental Institut$3UONV056451 712 $aOriental Institute of the University of Chicago$3UONV245860$4650 791 02$aASOR$zAmerican Schools of Oriental Research $3UONV228552 791 02$aOriental Institute of the University of Chicago$zUniversity : Oriental Institut$3UONV056452 801 $aIT$bSOL$c20250516$gRICA 899 $aSIBA - SISTEMA BIBLIOTECARIO DI ATENEO$2UONSI 912 $aUON00002572 950 $aSIBA - SISTEMA BIBLIOTECARIO DI ATENEO$dSI MES X B 001 $eSI SA 24694 7 001 996 $aNippur 2. : The north temple and sounding E. : Excavations of the joint expedition to Nippur of the American Schools of Oriental Research and the Oriental Institute of the University of Chicago$91174765 997 $aUNIOR